Verity (Record no. 45651)

MARC details
000 -Etiqueta do registo
Valores 00635nam a2200217 4500
010 ## - Número ISBN
ISBN 9789896687403
021 ## - Número do Depósito Legal
Código do país Portugal
Número 526698/24
100 ## - Dados gerais de processamento
Dados gerais 20241122d2024 m y0pory50030103ba
102 ## - País de publicação
País Portugal
200 1# - Titulo e menção de responsabilidade
Título próprio Verity
Primeira menção de responsabilidade Colleen Hoover
Outras menções de responsabilidade trad. Fernanda Semedo
205 ## - Menção da edição
Edição 18<U+00AA> ed
210 #9 - Publicação
Local de publicação Lisboa
Nome do editor Topseller,
Data de publicação 2024
215 ## - Descrição física 
Paginação / Volumes 319 p.
Dimensões 23 cm
675 ## - CDU
Notação 821.111(73)-3
Edição BN
Língua por
700 #1 - Autor principal (pessoa individual)
Apelido Hoover,
Nome Colleen,
Datas 1979-
702 #1 - Autor secundário (pessoa individual)
Apelido Semedo,
Nome Fernanda
801 #0 - Fonte de origem
País PT
Agência BN
Regras de catalogação RPC
856 41 - Localização e acesso electrónico 
URL <a href="http://rnod.bnportugal.gov.pt/ImagesBN/winlibimg.aspx?skey=&doc=2197429&img=201255&save=true">http://rnod.bnportugal.gov.pt/ImagesBN/winlibimg.aspx?skey=&doc=2197429&img=201255&save=true</a>
990 ## - Elementos KOHA
Tipo de documento Livro
Holdings
Estado Biblioteca de origem Código de barras Cota Permissão de empréstimo Tipo de documento Empréstimo Forma de aquisição
  Biblioteca Municipal de Redondo 054146 821.111(73)-3 HOO   MON Biblioteca Municipal de Redondo  

Powered by Koha